000 00914nam a22002417a 4500
999 _c8858
_d8858
003 AR-CdUCM
008 190326b ||||| |||| 00| 0 spa d
040 _aMUNICIPALIDAD PROVINCIAL DEL CUSCO
_cBIBLIOTECA MUNICIPAL DEL CUSCO
041 _heng
082 _24ed.
_a320.978 /
_bM58
100 _aMills, C. Wright,
_91996
245 _aEscucha, yanqui :
_bla revolución en Cuba /
260 _aMéxico, D.F ;
_bFondo de Cultura Económica,
_c1961
300 _a262 paginas ;
_c17 cm
500 _aTitulo original : The revolution in Cuba
505 _aContenido : Que significa Cuba -- Nuestra revolución -- Tu contra revolución -- Una economía sobre la marcha -- Cuba y el comunismo...
650 _aRevolucion Cubana
_98094
650 _aCondiciones sociales
_91132
650 _aPolítica y gobierno
_92693
700 _aCampos, Julieta, (Traductor)
_924661
942 _2ddc
_cLIBROS
945 _awnts